Writing to learn : The paragraph

Bibliographic Details
Main Author: Spaventa, Lou J.
Other Authors: Spaventa, Marilynn
Format: Book
Published: New York : McGraw Hill , 2000
Subjects:

MARC

LEADER 00000cam a2200000 7i4500
001 0000012598
005 20050420.0
020 |a 0071188290 
040 |a INS 
090 0 0 |a PE1128.   |b S5697 2000 
100 1 |a Spaventa, Lou J. 
245 1 0 |a Writing to learn :   |b The paragraph   |c Lou J. Spaventa 
260 |a New York :   |b McGraw Hill ,   |c 2000 
300 |a xviii :   |b 155p ;   |c 28cm. 
650 0 0 |a English language-Textbook for foreign speakers   |x English language-Rhetoric-problems, exercises   |y Report writing-problems, exercises, etc 
700 1 |a Spaventa, Marilynn 
999 |a 0000013405   |b BOOK   |c Open Shelf   |e Default branch